English pronunciation in use : Intermediate (Self-study and classroom use)

Self-diagnostic tests at Intermediate and Advanced levels help learners identify and focus on their own pronunciation problems. Additional reference section includes a learner-friendly answer key, fun exercises to practise phonemic symbols, a guide for speakers of specific languages, exercises on mi...

Полное описание

Сохранить в:
Библиографические подробности
Главный автор: Hancock, Mark
Формат:
Язык:Vietnamese
Опубликовано: Cambridge Cambridge University Press 2003
Предметы:
Метки: Добавить метку
Нет меток, Требуется 1-ая метка записи!
Thư viện lưu trữ: Thư viện Trường Đại học Nam Cần Thơ
LEADER 01080nam a22001937a 4500
001 NCT_146473
008 230401b xxu||||| |||| 00| 0 vie d
999 |c 7544  |d 7544 
020 |c 232000 
082 0 4 |2 23rd ed.  |a 421.55  |b H235i 
100 1 |a Hancock, Mark 
245 1 0 |a English pronunciation in use :  |b Intermediate (Self-study and classroom use)  |c Mark Hancock 
260 |a Cambridge  |b Cambridge University Press  |c 2003 
300 |a 200 p.  |b ill.  |c 27 cm 
520 3 |a Self-diagnostic tests at Intermediate and Advanced levels help learners identify and focus on their own pronunciation problems. Additional reference section includes a learner-friendly answer key, fun exercises to practise phonemic symbols, a guide for speakers of specific languages, exercises on minimal pairs and a glossary of specialised terms. 
653 |a Ngôn ngữ Anh 
942 |2 ddc  |c BK 
952 |0 0  |1 0  |2 ddc  |4 0  |6 421_550000000000000_H235I  |7 0  |9 27169  |a 000001  |b 000001  |d 2023-04-01  |o 421.55 H235i  |p MD.21226  |r 2023-04-01  |v 232000.00  |w 2023-04-01  |y BK 
980 |a Thư viện Trường Đại học Nam Cần Thơ